US Presidents Close-Up Quiz Stats

 Plays Quiz Updated Jan 20, 2018

Challenge
Share
Tweet
Score 0/44 Timer 07:00
3 Plays Today
% Correct
Barack Obama
92.9%
George Washington
90.9%
George W. Bush
85.1%
George H.W. Bush
85%
Donald Trump
83.4%
Bill Clinton
81.1%
Ronald Reagan
80.8%
Jimmy Carter
77.4%
Theodore Roosevelt
75%
Abraham Lincoln
74.1%
Richard Nixon
72.3%
Harry S. Truman
71.1%
John F. Kennedy
69.9%
John Adams
68.4%
Ulysses S. Grant
66.8%
Woodrow Wilson
63%
Franklin D. Roosevelt
61.8%
Andrew Jackson
59.5%
Lyndon B. Johnson
55.4%
Gerald Ford
54.3%
Dwight D. Eisenhower
53.3%
William H. Taft
52.3%
% Correct
Herbert Hoover
49.3%
Calvin Coolidge
42.6%
James Monroe
41.1%
Warren G. Harding
40.5%
Thomas Jefferson
40.3%
Andrew Johnson
34.3%
James K. Polk
32.6%
James Garfield
32.4%
Grover Cleveland
32.4%
Franklin Pierce
31.8%
John Quincy Adams
31.5%
Benjamin Harrison
28.5%
James Madison
26.8%
Rutherford B. Hayes
26.5%
Martin Van Buren
25.9%
William H. Harrison
23.5%
Millard Fillmore
22.8%
Chester A. Arthur
22.8%
James Buchanan
22.2%
Zachary Taylor
17.5%
William McKinley
16.6%
John Tyler
15.9%

You're not logged in!

Compare scores with friends on all Sporcle quizzes.
OR
Log In

You Might Also Like...

Show Comments

Extras

Top Quizzes Today


Score Distribution

Your Account Isn't Verified!

In order to create a playlist on Sporcle, you need to verify the email address you used during registration. Go to your Sporcle Settings to finish the process.

Report this User

Report this user for behavior that violates our Community Guidelines.

Details: